| 000 | 00523nam a22001817a 4500 | ||
|---|---|---|---|
| 003 | BD-DhJNU | ||
| 005 | 20250907061404.0 | ||
| 008 | 250907b |||||||| |||| 00| 0 eng d | ||
| 020 | _a8172242875 | ||
| 040 |
_aBD-DhJNU _bENG _cBD-DhJNU _dBD-DhJNU |
||
| 082 |
_223 _a920 22 |
||
| 100 | _aChaudhuri, Nirad C | ||
| 245 |
_aAutobiography of an unknown Indian / _cNirad C. Chaudhuri |
||
| 260 |
_aMumbai : _bJaico Publishing House, _c2011. |
||
| 300 |
_axiii, 570 p. : _c21 cm. |
||
| 650 | _aCivilization | ||
| 942 |
_2ddc _cBK _n0 |
||
| 999 |
_c2087 _d2087 |
||